SEC Quarterbacks to Team 2024 - Statistics

General Stats
  • This quiz has been taken 31 times
  • The average score is 12 of 16
Answer Stats
Hint Answer % Correct
Jalen Milroe Alabama
100%
Jaxson Dart Ole Miss
96%
Carson Beck Georgia
93%
Quinn Ewers Texas
93%
Diego Pavia Vanderbilt
85%
Garrett Nussmeier LSU
81%
DJ Lagway Florida
78%
Nico Iamaleava Tennessee
78%
LaNorris Sellers South Carolina
74%
Payton Thorne Auburn
70%
Brady Cook Missouri
70%
Michael Van Buren Jr. Mississippi State
59%
Jackson Arnold Oklahoma
56%
Brock Vandagriff Kentucky
48%
Marcel Reed Texas A&M
48%
Taylen Green Arkansas
37%
No matching quizzes found
Score Distribution
Percent of People with Each Score
Percentile by Number Answered
Your Score History
You have not taken this quiz